| 000 | 00606nam a2200205 i 4500 | ||
|---|---|---|---|
| 001 | 151008 | ||
| 003 | ES-MaACL | ||
| 005 | 20230906203810.0 | ||
| 007 | t| | ||
| 008 | 071127q19501959sp ||||1| spa d | ||
| 100 | 1 |
_aDemaison, André. _943610 |
|
| 245 | 1 | 3 |
_aLa estrella de Dakar / _cAndré Demaison ; [traducción directa del francés por José María Sort]. |
| 260 |
_aBarcelona : _bJano, _c[195-?] |
||
| 300 |
_a335 p. ; _c19 cm. |
||
| 490 | 1 | _aAliciente | |
| 700 | 1 |
_aSort, José María. _9107429 |
|
| 830 | 0 |
_aAliciente _9183825 |
|
| 852 |
_aES-MaACL _jC-11044 _bR.39175 |
||
| 999 |
_c151008 _d151008 |
||